01203nam a22001937a 450000500170000000800410001704000250005804100080008304400070009110000210009824501380011926001000025730000220035750000730037950504110045252000880086365000220095165000360097320150204143123.0131119b2005 ck ||||| |||| 00| 0 spa d aCO-BoIAVHcCO-BoIAVH aspa ack aRios Katto-Clara aPropuesta metodología mejorada en cuanto a tipo de análisis de información socioeconómica de paisajes rurales bInforme final aManizales bInstituto de Investigación de Recursos Biológicos Alexander von Humboldtc2005 a206 p.bilc27 cm aInforme tecnico contrato de prestacion de servicios nº 05-01-0040ps aCaracterizacion socioeconómico de paisajes rurales en las cuencas de los rios Barbas (Quindio - Risaralda),Otún (Risaralda y Chambery (Caldas). Construccion de un indicador de manejo,conocimiento y uso de recursos naturales y cultivos. Resultados de analisis de arvenses colectadas en las diferentes ventanas de estudio. Base de datos de caracterizaciones socioeconómicas y arveneses en potreros. aPresentacion de los documentos de la consultoria que se realizo en el eje cafetero. aPaisajes rurales  aRecursos naturales zEje cafero